LEADER 00663naa a2200157 i 4500 001 000000293594 003 CaOOAMICUS 005 20180831172449.0 008 180831n xx u000 u und u 013 $a834 040 $aSeMil$bita 100 1 $aHauschild, Wolf-Dieter.$0(OLS)http://semarc/name/84896 245 14$aDie Bewertung der Tradition in der lutherischen Reformation. 650 4$aLuteranesimo - Storia.$0(OLS)http://semarc/subject/2747 773 0 $aFrank, Karl Suso $tKanon, Schrift, Tradition.$kDialog der Kirchen$z3-451-22868-8$z3-525-56928-9$w()42118 996 $6245$aDie Bewertung der Tradition in der lutherischen Reformation$9(OLS)http://semarc/title/369681 LEADER 00922nab a2200181 i 4500 001 000000290996 003 CaOOAMICUS 005 20170512000000.0 008 170512n xx uu u0 0und r 013 $a46255 040 $aSeMil$bita 100 0 $aAutori Vari.$0(OLS)http://semarc/name/4368 245 10$aGraduale Semplice :$bVolume 11. : Comune deli [i.e. dei] Martiri. - 35 p. - Num. 5471 delle Ed. Carrara. - In copertina : Parti gregoriane del Commune Martyrum. 500 $aNovembre-Dicembre 2016. 700 1 $aSessantini, Gilberto.$0(OLS)http://semarc/name/13810 700 1 $aVessia, Gian Nicola.$0(OLS)http://semarc/name/26794 773 0 $t[2016].$dBergamo : Ed. Carrara, copyr. 2016 (stampa 2016-2017)$w()249809 996 $6245$aGraduale Semplice :$bVolume 11. : Comune deli [i.e. dei] Martiri. - 35 p. - Num. 5471 delle Ed. Carrara. - In copertina : Parti gregoriane del Commune Martyrum.$9(OLS)http://semarc/title/414816